LIBRARY & INFORMATION CENTRE, KCAET, TAVANUR

ONLINE PUBLIC ACCESS CATALOGUE (OPAC)

Doorangalillatha lokam (Record no. 17644)

MARC details
000 -LEADER
fixed length control field 00382nam a22001577a 4500
003 - CONTROL NUMBER IDENTIFIER
control field OSt
008 - FIXED-LENGTH DATA ELEMENTS--GENERAL INFORMATION
fixed length control field 230227b |||||||| |||| 00| 0 eng d
041 ## - LANGUAGE CODE
Language code of text/sound track or separate title mal
082 ## - DEWEY DECIMAL CLASSIFICATION NUMBER
Classification number 302.23
Item number SAJ/DO
100 ## - MAIN ENTRY--AUTHOR NAME
Personal name Sajan, G
245 ## - TITLE STATEMENT
Title Doorangalillatha lokam
260 ## - PUBLICATION, DISTRIBUTION, ETC. (IMPRINT)
Place of publication Thiruvananthapuram
Year of publication 2018
300 ## - PHYSICAL DESCRIPTION
Number of Pages 92
942 ## - ADDED ENTRY ELEMENTS (KOHA)
Koha item type Books
250 ## - EDITION STATEMENT
-- 4th
260 ## - PUBLICATION, DISTRIBUTION, ETC. (IMPRINT)
-- Chintha Publishers
Holdings
Withdrawn status Lost status Damaged status Home library Current library Date acquired Cost, normal purchase price Full call number Accession Number Koha item type
      KAUAET KAUAET 27/02/2023 90.00 302.23 SAJ/DO 26088 Books
free website counter